000 00518cam a2200205 4500
001 D13441
008 090401t1938 xxu||||| |||| 00| 0 eng d
035 _a(Sirsi) u9805
041 _aeng
100 _aMillard, Percy William
245 4 _aThe law relating to tithes and payments in lieu thereof.
250 _a3rd ed.
260 _aLondon
_bButterworth
_c1938
300 _axli,423,lip. ; 21cm.
520 _aShelf 132
650 _aRENTCHARGES
650 _aREDEMPTION
942 _n0
948 _c04/03/1997
999 _c86669
_d86669